Wordt geladen...

Boundaries of religion Essays on christianity, ethnic conflict, and violence /

Bibliografische gegevens
Hoofdauteur: Robinson, Rowena
Taal:Undetermined
Gepubliceerd in: New Delhi : Oxford University Press , 2013.
LEADER 00551nam a2200157Ia 4500
001 184427
008 170722s9999 xx 000 0 und d
020 |a 9780198090403 
100 |a Robinson, Rowena 
245 |a Boundaries of religion  |b Essays on christianity, ethnic conflict, and violence / 
260 |a New Delhi :  |b Oxford University Press ,  |c 2013. 
300 |a xx+299 
923 |d 20131108  |n DCB332 
942 |c GEN 
999 |c 151389  |d 151389 
952 |0 0  |1 0  |4 0  |6 Q_Q3  |7 0  |9 213272  |a LIB  |b LIB  |d 2013-12-18  |e D C Books  |o Q Q3  |p 293580  |r 2017-08-12  |v 850.00  |w 2017-08-12  |y GEN